Management (Record no. 31459)
[ view plain ]
| 000 -LEADER | |
|---|---|
| fixed length control field | 01847cam a22003255a 4500 |
| 005 - DATE AND TIME OF LATEST TRANSACTION | |
| control field | 20091103014612.0 |
| 010 ## - LCCN (DPL NO) | |
| LC control number | ENG-95359 B-423622-626 |
| 020 ## - INTERNATIONAL STANDARD BOOK NUMBER | |
| International Standard Book Number | 9788131306826 |
| Terms of availability | 495.00 |
| 035 ## - SYSTEM CONTROL NUMBER | |
| System control number | EN-78892 |
| 035 ## - SYSTEM CONTROL NUMBER | |
| System control number | B-423622-626 |
| 037 ## - SOURCE OF ACQUISITION | |
| Stock number | DBAD/PUB |
| 037 ## - SOURCE OF ACQUISITION | |
| Stock number | Allied Publishers |
| 082 ## - DEWEY DECIMAL CLASSIFICATION NUMBER | |
| Classification number | 658 |
| 100 ## - MAIN ENTRY--PERSONAL NAME | |
| Personal name | Viramgami, Hitesh S. |
| 245 ## - TITLE STATEMENT | |
| Title | Management |
| Statement of responsibility, etc | by H. S. Viramgami, Rohit N. Desai |
| 260 ## - PUBLICATION, DISTRIBUTION, ETC. (IMPRINT) | |
| Place of publication, distribution, etc | New Delhi : |
| Name of publisher, distributor, etc | APH Publishing Corporation |
| Date of publication, distribution, etc | 2009 |
| 270 ## - ADDRESS | |
| Address | 4435-36/7. Ansari road, Darya Ganj |
| City | New Delhi |
| Postal code | 110002 |
| 300 ## - PHYSICAL DESCRIPTION | |
| Extent | viii, 176p. |
| Dimensions | 22 cm. (Hb) |
| 500 ## - GENERAL NOTE | |
| General note | |
| 520 ## - SUMMARY, ETC. | |
| Summary, etc | Contributed articles. |
| 700 ## - ADDED ENTRY--PERSONAL NAME | |
| Personal name | Desai, Rohit N. |
| 9 (RLIN) | 30849 |
| 942 ## - ADDED ENTRY ELEMENTS (KOHA) | |
| Source of classification or shelving scheme | Dewey Decimal Classification |
| Item type | English Books |
| Call number suffix | VIR |
| Classification part | 658 |
| Withdrawn status | Lost status | Not for loan | Collection code | Home library | Current library | Date acquired | Source of acquisition | Cost, normal purchase price | Full call number | Barcode | Copy number | Cost, replacement price | Koha item type |
|---|---|---|---|---|---|---|---|---|---|---|---|---|---|
| Non-fiction | Central Library | Central Library | 02/08/2011 | Allied Publishers/CR/0002704/17.3.11/75/4.3.11/17.3.11 | 495.00 | 658 VIR | B-423622 | 1 | 495.00 | English Books | |||
| Not For Loan | Non-fiction | D.B.Act.Division | D.B.Act.Division | 06/11/2009 | DBAD / PUB | 495.00 | 658 VIR | EN-78892 | 1 | 495.00 | English Books | ||
| Non-fiction | Narela | Narela | 02/08/2011 | Allied Publishers/CR/0002704/17.3.11/75/4.3.11/17.3.11 | 495.00 | 658 VIR | B-423625 | 1 | 495.00 | English Books | |||
| Non-fiction | Patel Nagar | Patel Nagar | 02/08/2011 | Allied Publishers/CR/0002704/17.3.11/75/4.3.11/17.3.11 | 495.00 | 658 VIR | B-423623 | 1 | 495.00 | English Books | |||
| Non-fiction | Sarojini Nagar | Sarojini Nagar | 02/08/2011 | Allied Publishers/CR/0002704/17.3.11/75/4.3.11/17.3.11 | 495.00 | 658 VIR | B-423624 | 1 | 495.00 | English Books | |||
| Non-fiction | Shahdara Branch | Shahdara Branch | 02/08/2011 | Allied Publishers/CR/0002704/17.3.11/75/4.3.11/17.3.11 | 495.00 | 658 VIR | B-423626 | 1 | 495.00 | English Books |
